| 000 | 02034cam a22004215a 4500 | ||
|---|---|---|---|
| 001 | L158821 | ||
| 008 | 100119s2012 xxko f 001 0 eng d | ||
| 020 | _a9781900915625 | ||
| 035 | _a(Sirsi) u158821 | ||
| 041 | 0 | _aeng | |
| 050 | 0 | 4 | _a690.241 $2 18 |
| 110 | 2 |
_aCathedral Communications Limited _93087 |
|
| 245 | 0 | 0 |
_aHistoric churches _bthe conservation and repair of ecclesiastical buildings _h[electronic resource] |
| 250 | _a19th ed. | ||
| 260 |
_aTisbury _bCathedral Communications _c2012 |
||
| 300 |
_a56p. _bcol. ill. _c30cm. |
||
| 490 | 0 | _aBuilding Conservation Directory Special Report | |
| 505 | 2 | _aThe historic Anglican churches of Kolkata -- Repairing clay-tiled and slated roofs -- Organ builders & restorers map -- Trena Cox: emergence of a stained glass artist -- Learning from churches -- Underfloor heating -- Matching mortars for pointing -- Protected buildings -- Salt crystallisation in masonry -- Back from the brink: Leighterton's Belfry -- Unauthorised works -- Solitude and sociability: the world of the medieval anchorite -- Usefull addresses -- Products and services -- Index of advertisers | |
| 520 | _aDiscusses issues, building techniques and materials relevant to the conservation and repair of churches. Includes a directory of useful organisations, products and services. | ||
| 521 | 2 | _aAdvanced | |
| 590 | _aKA | ||
| 651 | 4 |
_aUnited Kingdom _y |
|
| 690 | _aBUILT ENVIRONMENT-BUILDING MAINTENANCE AND REFURBISHMENT-BUILDING RESTORATION | ||
| 700 | 1 | _aChakraborti, Manish | |
| 700 | 1 | _aGreenough, Jonathan | |
| 700 | 1 | _aJones, Peter | |
| 700 | 1 | _aGreener, Ben | |
| 700 | 1 | _aMinter, John | |
| 700 | 1 | _aDavies, Claire | |
| 700 | 1 | _aTaylor, Jonathan | |
| 700 | 1 | _aViles, Heather | |
| 700 | 1 | _aButcher, David | |
| 700 | 1 | _aMynors, Charles | |
| 700 | 1 | _aHughes-Edwards, Mari | |
| 710 | 2 |
_aBuilding Conservation Directory _93988 |
|
| 856 | 4 | 1 |
_uhttps://www.buildingconservation.com/articles/allarticles.htm _zView the articles at www.buildingconservation.com |
| 942 | _n0 | ||
| 999 |
_c115521 _d115521 |
||